Green building (Record no. 78590)

MARC details
000 -LEADER
fixed length control field 01395cab a22002655a 4500
001 - CONTROL NUMBER
control field L137394
008 - FIXED-LENGTH DATA ELEMENTS--GENERAL INFORMATION
fixed length control field 070403s2007 xxk f 000 0 eng d
035 ## - SYSTEM CONTROL NUMBER
System control number (Sirsi) u137394
041 0# - LANGUAGE CODE
Language code of text/sound track or separate title eng
100 1# - MAIN ENTRY--PERSONAL NAME
Personal name Shaw, Rob
245 00 - TITLE STATEMENT
Title Green building
260 ## - PUBLICATION, DISTRIBUTION, ETC.
Date of publication, distribution, etc. 2007
490 #0 - SERIES STATEMENT
Series statement Town & Country Planning
Volume/sequential designation 76(3) March 2007, 89-95(7)
520 ## - SUMMARY, ETC.
Summary, etc. Series of articles on green building. "Defining zero carbon" discusses the challenges of achieving zero carbon homes and confusion over the term zero carbon. "Making zero-carbon housing a reality" examines the consultation paper, "Building a green future" (L135908) and considers potential problems in raising the environmental performance of housebuilding through regulation. "Zero or low-carbon buildings: a co-operative endeavour" suggests that involving building control bodies at the planning stage would greatly help attempts to deliver zero or low-carbon buildings.
590 ## - LOCAL NOTE (RLIN)
Local note KA
650 24 - SUBJECT ADDED ENTRY--TOPICAL TERM
Topical term or geographic name entry element DCLG CODE FOR SUSTAINABLE HOMES
650 24 - SUBJECT ADDED ENTRY--TOPICAL TERM
Topical term or geographic name entry element BUILDING REGULATIONS 2000 APPROVED DOCUMENT L1A (2006 EDITION)
650 24 - SUBJECT ADDED ENTRY--TOPICAL TERM
Topical term or geographic name entry element PLANNING POLICY STATEMENT ONE
651 #4 - SUBJECT ADDED ENTRY--GEOGRAPHIC NAME
Geographic name England and Wales
Chronological subdivision 1543-
690 ## - LOCAL SUBJECT ADDED ENTRY--TOPICAL TERM (OCLC, RLIN)
Topical term or geographic name as entry element ENVIRONMENTAL AND LAND CONSULTANCY-PLANNING AND DEVELOPMENT
690 ## - LOCAL SUBJECT ADDED ENTRY--TOPICAL TERM (OCLC, RLIN)
Topical term or geographic name as entry element ENVIRONMENTAL AND LAND CONSULTANCY-ENERGY-ENERGY USE-ENERGY EFFICIENCY
700 1# - ADDED ENTRY--PERSONAL NAME
Personal name Rydin, Yvonne
700 1# - ADDED ENTRY--PERSONAL NAME
Personal name Lyell Hoppe, Fiona
942 ## - ADDED ENTRY ELEMENTS (KOHA)
Suppress in OPAC 0
Holdings
Withdrawn status Lost status Source of classification or shelving scheme Damaged status Not for loan Home library Current library Shelving location Date acquired Total Checkouts Full call number Barcode Date last seen Copy number Price effective from Koha item type
    Dewey Decimal Classification     London London Journal article 03/04/2007   L137394 137394-1001 06/08/2019 1 06/08/2019 Journal article